000 00556nam a2200193Ia 4500
003 LDD
008 181029s9999 xx 000 0 und d
020 _a387279636
_cE62.95
040 _cLDD
100 _aStel, Andre van
245 0 _aEmpirical analysis of entrepreneruship and economic growth
_cAndre van Stel
260 _bSpringer
_c2006
300 _avii, 229p.
365 _bE 62.95
901 _a3610
_b02-01-2007
902 _a7335
_b22-02-2007
_cF
_dUPPAL
_e33
903 _aDiscount-10
_bReqst by : Madhu Bala(Dr. Mrs.)
942 _2ddc
_cBK
999 _c78176
_d78176